Statistics for Most Guessed US States on Jetpunk

Click here to take the quiz!

General Stats

  • This quiz has been taken 71 times
  • The average score is 14 of 20

Answer Stats

%State% Correct
97%California
98%
96%Texas
98%
95%Florida
92%
95%New York
90%
87%Hawaii
84%
81%Ohio
82%
81%Georgia
81%
93%Washington
79%
91%Alaska
77%
86%Nevada
74%
85%Arizona
69%
80%Oregon
69%
80%Michigan
65%
82%Colorado
63%
84%Maine
63%
82%Idaho
60%
85%New Mexico
58%
87%Alabama
53%
85%North Dakota
35%
85%South Dakota
34%

Score Distribution

Percentile by Number Answered

Percent of People with Each Score

Your Score History

You have not taken this quiz